[Event "UKR-ch U20 Girls"]
[Site "Ukraine"]
[Date "2010.??.??"]
[Round "4"]
[White "Ostroverkhova, Elena"]
[Black "Tkachova, Anastasia"]
[Result "0-1"]
[WhiteElo "2100"]
[BlackElo "1905"]
[PlyCount "68"]
[EventDate "2010.??.??"]
[EventType "swiss"]
[EventRounds "11"]
[EventCountry "UKR"]
[SourceTitle "EXT 2012"]
[Source "ChessBase"]
[SourceDate "2011.11.24"]
[SourceVersion "1"]
[SourceVersionDate "2011.11.24"]
[SourceQuality "1"]

1. d4 Nf6 2. Nf3 e6 3. c4 b6 4. Nc3 Bb4 5. Qc2 Bb7 6. Bg5 h6 7. Bh4 g5 8. Bg3 Ne4 9. Nd2 f5 10. Be5 Rg8 11. f3 Nxd2 12. Qxd2 d6 13. Bg3 Qf6 14. e3 Nd7 15. 0-0-0 0-0-0 16. a3 Bxc3 17. Qxc3 e5 18. Be2 Rde8 19. Rhe1 Re7 20. b4 Rge8 21. Bf1 h5 22. h3 g4 23. hxg4 fxg4 24. fxg4 exd4 25. Qxd4 hxg4 26. Qxf6 Nxf6 27. Bh4 Re6 28. Rd4 Ne4 29. Be2 Rg8 30. Kb2 c5 31. Rd3 g3 32. Bf3 Rh6 33. Be7 Kd7 34. bxc5 Nxc5 0-1

[Event "UKR-ch U20 Girls"]
[Site "Ukraine"]
[Date "2010.??.??"]
[Round "11"]
[White "Tkachova, Anastasia"]
[Black "Kolba, Anastasiya"]
[Result "0-1"]
[WhiteElo "1905"]
[BlackElo "1970"]
[PlyCount "86"]
[EventDate "2010.??.??"]
[EventType "swiss"]
[EventRounds "11"]
[EventCountry "UKR"]
[SourceTitle "EXT 2012"]
[Source "ChessBase"]
[SourceDate "2011.11.24"]
[SourceVersion "1"]
[SourceVersionDate "2011.11.24"]
[SourceQuality "1"]

1. e4 e5 2. Nf3 Nc6 3. Bb5 f5 4. d3 fxe4 5. dxe4 Nf6 6. Nc3 Bc5 7. 0-0 d6 8. Bg5 Be6 9. Nd5 Rf8 10. Nh4 Qd7 11. Bxf6 gxf6 12. Qh5+ Kd8 13. Kh1 a6 14. Bd3 Nb4 15. Nxb4 Bxb4 16. Qe2 c6 17. c3 Bc5 18. f4 Kc7 19. Bc4 b5 20. Bxe6 Qxe6 21. fxe5 fxe5 22. Qh5 h6 23. b3 a5 24. Qg6 Qxg6 25. Nxg6 Rxf1+ 26. Rxf1 b4 27. Rc1 bxc3 28. Rxc3 a4 29. h3 Bd4 30. Rc1 a3 31. Ne7 Kd7 32. Nf5 h5 33. Kh2 Rf8 34. Kg3 Bb2 35. Rd1 d5 36. Ne3 d4 37. Nc4 Ke6 38. Nxb2 axb2 39. Rb1 h4+ 40. Kxh4 Rf2 41. a4 d3 42. a5 d2 43. Rxb2 Rf4+ 0-1

[Event "Wch U14 Girls"]
[Site "Kemer"]
[Date "2009.11.21"]
[Round "10"]
[White "Tkachova, Anastasia"]
[Black "Rodriguez Rueda, Paula Andrea"]
[Result "1-0"]
[WhiteElo "1865"]
[BlackElo "2020"]
[PlyCount "99"]
[EventDate "2009.11.12"]
[EventType "swiss"]
[EventRounds "11"]
[EventCountry "TUR"]
[SourceTitle "EXT 2010"]
[Source "ChessBase"]
[SourceDate "2010.11.25"]
[SourceVersion "1"]
[SourceVersionDate "2010.11.25"]
[SourceQuality "1"]

1. e4 c5 2. c3 Nf6 3. e5 Nd5 4. d4 cxd4 5. Qxd4 e6 6. Nf3 Nc6 7. Qe4 f5 8. Qe2 Be7 9. g3 0-0 10. Bg2 b6 11. 0-0 Bb7 12. c4 Nc7 13. Nc3 Kh8 14. Rd1 Qe8 15. Bg5 Bxg5 16. Nxg5 h6 17. Nf3 Rd8 18. Rd6 Qf7 19. Rad1 g5 20. Qd2 Na5 21. b3 Bc6 22. h4 f4 23. g4 Qg7 24. hxg5 hxg5 25. Qe2 Nb7 26. R6d2 Qg6 27. Nd4 Bxg2 28. Kxg2 Kg7 29. Qe4 Qxe4+ 30. Nxe4 Nc5 31. Nxc5 bxc5 32. Nc6 Rc8 33. Rxd7+ Rf7 34. Rxf7+ Kxf7 35. Rd7+ Ke8 36. Rh7 Na6 37. Rh8+ Kd7 38. Rxc8 Kxc8 39. Nxa7+ Kb7 40. Nb5 Nb4 41. Nd6+ Kc6 42. a3 Nd3 43. Nf7 Kd7 44. Kf3 Ke7 45. Nxg5 Nxe5+ 46. Kxf4 Nd3+ 47. Ke3 Nc1 48. b4 cxb4 49. axb4 Kd6 50. Ne4+ 1-0

[Event "Wch U14 Girls"]
[Site "Kemer"]
[Date "2009.11.12"]
[Round "2"]
[White "Tkachova, Anastasia"]
[Black "Kats, Alena"]
[Result "0-1"]
[WhiteElo "1865"]
[BlackElo "2001"]
[PlyCount "56"]
[EventDate "2009.11.12"]
[EventType "swiss"]
[EventRounds "11"]
[EventCountry "TUR"]
[SourceTitle "EXT 2010"]
[Source "ChessBase"]
[SourceDate "2010.11.25"]
[SourceVersion "1"]
[SourceVersionDate "2010.11.25"]
[SourceQuality "1"]

1. e4 c5 2. c3 d5 3. exd5 Qxd5 4. d4 e6 5. Na3 a6 6. Nc4 Nd7 7. Nf3 b5 8. Ne3 Qc6 9. Be2 Ngf6 10. Ne5 Qc7 11. Bf3 Bb7 12. Bxb7 Qxb7 13. Qf3 Qxf3 14. Nxf3 cxd4 15. Nxd4 Bc5 16. Nb3 Bb6 17. a4 0-0 18. Ke2 bxa4 19. Rxa4 Rab8 20. Nd2 Nc5 21. Ra3 Rfc8 22. b4 Nce4 23. Nxe4 Nxe4 24. Bd2 a5 25. Rb3 Bxe3 26. Bxe3 Nc5 27. Ra3 axb4 28. cxb4 Rxb4 0-1

[Event "UKR-ch U14 Girls"]
[Site "Kramatorsk"]
[Date "2009.03.05"]
[Round "4"]
[White "Tkachova, Anastasia"]
[Black "Kolba, Anastasiya"]
[Result "1/2-1/2"]
[WhiteElo "1808"]
[BlackElo "1845"]
[PlyCount "148"]
[EventDate "2009.03.02"]
[EventType "tourn"]
[EventRounds "11"]
[EventCountry "UKR"]
[SourceTitle "CBM 129 Extra"]
[Source "ChessBase"]
[SourceDate "2009.05.05"]
[SourceVersion "2"]
[SourceVersionDate "2009.05.20"]
[SourceQuality "1"]

1. e4 c5 2. Nc3 Nc6 3. g3 g6 4. Bg2 Bg7 5. d3 Rb8 6. Be3 d6 7. Qd2 b5 8. f4 b4 9. Nd1 e5 10. Nf3 Nd4 11. 0-0 Ne7 12. Nh4 0-0 13. c3 bxc3 14. bxc3 Ndc6 15. f5 gxf5 16. exf5 f6 17. g4 Qb6 18. c4 Nd4 19. Nc3 Qb2 20. Qxb2 Rxb2 21. Bxd4 cxd4 22. Nd5 Nxd5 23. Bxd5+ Kh8 24. Rfb1 Rd2 25. Rb3 Bh6 26. Ng2 Rc2 27. a3 Bd2 28. Rab1 Kg7 29. R3b2 Rxb2 30. Rxb2 Ba5 31. Nh4 Ba6 32. Nf3 Bc7 33. Nd2 Rb8 34. Rxb8 Bxb8 35. Ne4 Bc8 36. Bc6 h5 37. h3 hxg4 38. hxg4 Bc7 39. Kf2 Bb8 40. Ke2 Bc7 41. Kd1 Kf7 42. Kc2 Ke7 43. Kb3 Bb8 44. Ka4 Bc7 45. Kb5 a6+ 46. Ka4 Kf7 47. Kb3 Ke7 48. Kc2 Bb8 49. Kd1 Bc7 50. Ke2 Kf7 51. Kf3 Ke7 52. Kg3 Kf7 53. Kh4 Kg7 54. Kh5 Bb8 55. Kh4 Bc7 56. Kg3 Bb8 57. Kf3 Bc7 58. a4 Kf7 59. Nf2 Ba5 60. Ke4 Be1 61. Nh3 Bd2 62. Kd5 Ke7 63. Nf2 Be1 64. Ne4 Bb4 65. c5 dxc5 66. Nxc5 a5 67. Ne4 Ba6 68. g5 Bxd3 69. gxf6+ Kf7 70. Kxe5 Bxe4 71. Bxe4 d3 72. Bxd3 Bc3+ 73. Kd5 Kxf6 74. Kc4 Bb4 1/2-1/2